000
00321nam a22001457a 4500
003
SGT
020
_a
978-81-312-03828
082
_a
165.1901, A12F
100
_a
FLOREY, KLAUS
245
_a
ANALYTICAL PROFILES OF DRUG SUBSTANCES
260
_a
DELHI
_b
ELSEVIER
_c
2012
300
_a
480
650
_a
DRUG
942
_2
ddc
_c
BK
999
_c
8164
_d
8164